Using health policy in nursing practice

Gespeichert in:
Bibliographische Detailangaben
1. Verfasser: TAYLOR, Georgina
Format: Buch
Sprache:Englisch
Veröffentlicht: Sage 2013
Tags: Tag hinzufügen
Keine Tags, Fügen Sie den ersten Tag hinzu!

MARC

LEADER 00000nam a22000007a 4500
008 210125b ||||| |||| 00| 0 eng d
020 |a 978-1-4462-5646-6 
100 |a TAYLOR, Georgina. 
245 |a Using health policy in nursing practice  |c TAYLOR, Georgina.   |e (Transforming nursing practice)  |g viii, 168p. 
260 |b Sage  |c 2013  |h Los Angeles:   |i 693361   |i 693362  |l RT86.75 .T21   |m Nursing – Practice – Great Britain.  |m Medical policy – Great Britain. 
500 |a “It includes references and index”. 
942 |a lcc  |c BK  |e Adeniran, F. A  |f 25/01/2021 
952 |0 0  |1 0  |2 lcc  |4 0  |6 RT008675 T21  |7 0  |9 1646  |a HOL  |b HE  |c QZ  |d 2021-01-25  |l 0  |o RT86.75 .T21  |p 2021-0433  |r 2021-01-25 00:00:00  |w 2021-01-25  |y BK 
952 |0 0  |1 0  |2 lcc  |4 0  |6 RT008675 T21  |7 0  |9 1647  |a HOL  |b HOL  |c QZ  |d 2021-01-25  |l 0  |o RT86.75 .T21  |p 2021-0434  |r 2021-01-25 00:00:00  |w 2021-01-25  |y BK 
999 |c 873  |d 873